zpět

Detail výsledku týmu

Bartolomějka, Kolín

Datum a čas kvízu

31.5 Celkem bodů Celkový počet nahraných bodů na tomto kvízu bez doplňovacích otázek.
5. Pořadí na kvízu Konečné umístění týmu na tomto kvízu.

Zaznamenané odpovědi

# Otázka Odpověď Body Výsledky
1. Česká společnost Seznam.cz ozn... 1
2. Studenti na střední škole v Pa... 1
3. Že americká skupina Metallica... 1
4. Maďarský vynález, který v brzk... 0
5. Po 18 letech se budou muset fa... 0
6. Oslí můstek je výraz, který se... 1
7. Blízkým a poněkud ušlechtilejš... 1
8. Koňská síla (značka HP) je sta... 1
9. Nejen koně či automobily mají... 1
10. Abyste mohli ukázat svou sílu,... 0